000 00509nam a2200181Ia 4500
008 240925s9999 xx 000 0 und d
020 _a9698015264
082 _a025.3 RAI
100 _aRiaz, Muhammad
245 0 _aCataloguing Theory and Practice
250 _aNA
260 _aLahore:
_bNadeem Book House
_c,1995.
300 _axviii,423p.
_bNA
_fOriginal
500 _aIncludes Bibliography & Index
600 _aSocial Sciences
650 _aComputer science, information & general works
942 _cBK
999 _c2773
_d2773